000 00322nam a22001337a 4500
008 170524b xxu||||| |||| 00| 0 eng d
020 _a0881674176
041 _aeng
080 _a621
100 _a26
101 _aIM
245 _aAN INTRODUCTION TO MEMBRANE TRANSPORT AND BIOELECTRICITY
_cBYRNE, J.H
942 _2udc
_cBK
999 _c14112
_d14112